Applied statistics and probability for engineers

Na minha lista:
Detalhes bibliográficos
Autor principal: Montgomery, Douglas C.
Formato: Livro
Idioma:Undetermined
Publicado em: Singapore Jonh Wiley & Sons, Inc. 2003
Assuntos:
Tags: Adicionar Tag
Sem tags, seja o primeiro a adicionar uma tag!
Thư viện lưu trữ: Trung tâm Học liệu Trường Đại học Cần Thơ
LEADER 00542nam a2200181Ia 4500
001 CTU_211662
008 210402s9999 xx 000 0 und d
082 |a 519.5 
082 |b M787 
100 |a Montgomery, Douglas C. 
245 0 |a Applied statistics and probability for engineers 
245 0 |c Douglas C. Montgomery, George C. Runger 
260 |a Singapore 
260 |b Jonh Wiley & Sons, Inc. 
260 |c 2003 
650 |a Statistics,Probabilities 
904 |i Vương 
980 |a Trung tâm Học liệu Trường Đại học Cần Thơ